000 00494nam a2200193Ia 4500
005 20250423095440.0
008 250422s9999 xx 000 0 und d
020 _a9789380027746
050 _aTK 7816 .G87/
100 _aGupta J. B.
245 0 _aFundamentals of electronic devices
250 _a2nd ed.
260 _aNew delhi
260 _bS.K. kataria and sons
260 _c2012
300 _a391 p
650 _a Electronics. Electronic apparatus and appliances.
942 _cBK
999 _c30306
_d30306